000 00782nam a22002537a 4500
001 000499
003 DO-SdBNP
005 20180126090826.0
007 000499
008 160915b 2003 sp ||||| |||| 00| 0 spa d
020 _a8400081080
040 _aBPMSU
_bspa
_cBPMSU
092 _axxxxxx
_bxxxxxx
245 0 0 _aFibra alimentaria /
_cAntonia Heredia Moreno ... [et al.].
260 _aMadrid :
_bConsejo Superior de Investigaciones Científicas,
_c2003.
300 _a119 p. :
_bil. ;
_c22 cm.
490 0 _aBiblioteca de ciencias
_v4
504 _aBibliografía : p. 115-119
700 1 _aHeredia Moreno, Antonia
830 0 _aBiblioteca de ciencias ;
_v4
942 _2ddc
_cBK
945 _aInventariado, 2018 / YL
956 _2LOPEREZ
_310
_620160915
_8BPMSU
_a00041
999 _c11395
_d11395